Tall Story (Record no. 8593)
[ view plain ]
| 000 -LEADER | |
|---|---|
| fixed length control field | 00838nam a22002177a 4500 |
| 003 - CONTROL NUMBER IDENTIFIER | |
| control field | OSt |
| 005 - DATE AND TIME OF LATEST TRANSACTION | |
| control field | 20260302084935.0 |
| 008 - FIXED-LENGTH DATA ELEMENTS--GENERAL INFORMATION | |
| fixed length control field | 260302b |||||||| |||| 00| 0 eng d |
| 020 ## - INTERNATIONAL STANDARD BOOK NUMBER | |
| International Standard Book Number | 9789711903008 |
| 040 ## - CATALOGING SOURCE | |
| Original cataloging agency | DWCL GS lib |
| Transcribing agency | OC |
| 082 ## - DEWEY DECIMAL CLASSIFICATION NUMBER | |
| Classification number | Fic. G716t 2010 |
| 100 ## - MAIN ENTRY--PERSONAL NAME | |
| Personal name | Gourlay, Candy |
| 245 ## - TITLE STATEMENT | |
| Title | Tall Story |
| Statement of responsibility, etc. | Candy Gourlay |
| 260 ## - PUBLICATION, DISTRIBUTION, ETC. | |
| Place of publication, distribution, etc. | Philippines |
| Name of publisher, distributor, etc. | Cacho Publishing House |
| Date of publication, distribution, etc. | c2010. |
| 300 ## - PHYSICAL DESCRIPTION | |
| Extent | vii, 233 pages: |
| Other physical details | illustrations |
| Dimensions | 23cm. |
| 520 ## - SUMMARY, ETC. | |
| Summary, etc. | Tall Story is a humorous and moving novel about Andi, a teen who finally meets her half-brother, Bernardo, from the Philippines. Andi deeply wishes to play on the school basketball team but despite her passion, her shorter-than-average height is an obstacle to her success. |
| 650 ## - SUBJECT ADDED ENTRY--TOPICAL TERM | |
| Topical term or geographic name entry element | Novel |
| 650 ## - SUBJECT ADDED ENTRY--TOPICAL TERM | |
| Topical term or geographic name entry element | Fiction |
| 700 ## - ADDED ENTRY--PERSONAL NAME | |
| Personal name | Candy Gourlay |
| 942 ## - ADDED ENTRY ELEMENTS (KOHA) | |
| Source of classification or shelving scheme | Dewey Decimal Classification |
| Koha item type | Fiction |
| Classification part | Fic. |
| Suppress in OPAC | No |
| 952 ## - LOCATION AND ITEM INFORMATION (KOHA) | |
| -- | |
| Withdrawn status | Lost status | Source of classification or shelving scheme | Damaged status | Not for loan | Home library | Current library | Shelving location | Date acquired | Source of acquisition | Total Checkouts | Full call number | Barcode | Date last seen | Copy number | Price effective from | Koha item type | Uniform Resource Identifier |
|---|---|---|---|---|---|---|---|---|---|---|---|---|---|---|---|---|---|
| Dewey Decimal Classification | Grade School Library | Grade School Library | Fiction | 03/02/2026 | School Fund, Donation | Fic. G716t 2010 | 21141 | 03/02/2026 | c1 | 03/02/2026 | FIC. |